Periferie zblízka : studie tří periferních obcí a jejich sousedů /

Hlavní autor: Abramuszkinová Pavlíková, Eva
Korporativní autor: Studio atd. (firma)
Další autoři: Kučerová, Eva, 1974-, Šmídová, Michaela, 1975-
Jazyk: Čeština
Vydáno: Praha : CESES FSV UK, 2008
Vydání: 1. vyd.
Edice: Studie CESES. Analytik ; 1/2008
Témata:
Fyzický popis: 100 s. : il. ; 30 cm
Knihy
Uloženo v:
LEADER 03133nam a2200721 a 4500
001 nkc20081814412
003 CZ PrNK
005 20130701095001.0
007 ta
008 081015s2008 xr a f 000 0 cze
015 |a cnb001814412 
020 |a 978-80-904138-0-1  |q (Studio atd. :  |q brož.) 
035 |a (OCoLC)276815866 
040 |a ABA001  |b cze 
043 |a e-xr---  |b e-xr-jm  |b e-xr-vy  |b e-xr-pa  |2 czenas 
045 |a y0y0 
072 7 |a 316.33  |x Ekonomická sociologie. Sociologie institucí, lidských sídel a komunit  |2 Konspekt  |9 18 
080 |a 911.373  |2 MRF 
080 |a 308  |2 MRF 
080 |a 338  |2 MRF 
080 |a 316.334.55  |2 MRF 
080 |a (437.322)  |2 MRF 
080 |a (437.324)  |2 MRF 
080 |a (437.314)  |2 MRF 
080 |a (047.31)  |2 MRF 
100 1 |a Abramuszkinová Pavlíková, Eva  |7 jo2013768377  |4 aut 
245 1 0 |a Periferie zblízka :  |b studie tří periferních obcí a jejich sousedů /  |c Eva Abramuszkinová Pavlíková, Eva Kučerová, Michaela Šmídová 
250 |a 1. vyd. 
260 |a Praha :  |b CESES FSV UK,  |c 2008 
300 |a 100 s. :  |b il. ;  |c 30 cm 
490 1 |a Studie CESES. Analytik ;  |v 1/2008 
500 |a Studie vznikla v rámci řešení projektu "Sociální a kulturní soudržnost v diferencované společnosti", který je součástí tématického projektu TPO-5 "Moderní společnost a její problémy" 
504 |a Obsahuje bibliografie 
550 |a Vydavatel: Studio atd., Kyjov 
648 4 |a 2005-2007 
650 0 7 |a obce  |7 ph123545  |z Česko  |y 21. stol.  |2 czenas 
650 0 7 |a obce  |7 ph123545  |x sociální poměry  |2 czenas 
650 0 7 |a obce  |7 ph123545  |x hospodářské poměry  |2 czenas 
650 0 7 |a sociologie venkova  |7 ph125763  |z Česko  |y 21. stol.  |2 czenas 
650 0 9 |a municipalities  |z Czechia  |y 21st century  |2 eczenas 
650 0 9 |a municipalities  |x social conditions  |2 eczenas 
650 0 9 |a municipalities  |x economic conditions  |2 eczenas 
650 0 9 |a rural sociology  |z Czechia  |y 21st century  |2 eczenas 
653 0 |a okrajové obce  |a periferní obce 
655 7 |a výzkumné zprávy  |7 fd131869  |2 czenas 
655 9 |a research reports  |2 eczenas 
651 7 |a Kožušice (Česko)  |7 ge485012  |2 czenas 
651 7 |a Otradov (Chrudim, Česko)  |7 ge485006  |2 czenas 
651 7 |a Vepříkov (Česko)  |7 ge345863  |2 czenas 
651 9 |a Kožušice (Czechia)  |2 eczenas 
651 9 |a Otradov (Chrudim, Czechia)  |2 eczenas 
651 9 |a Vepříkov (Czechia)  |2 eczenas 
700 1 |a Kučerová, Eva,  |d 1974-  |7 mzk2004221664  |4 aut 
700 1 |a Šmídová, Michaela,  |d 1975-  |7 mzk2008473165  |4 aut 
710 2 |a Studio atd. (firma)  |7 kn20081015002 
810 2 |a Univerzita Karlova.  |b Centrum pro sociální a ekonomické strategie.  |t Studie.  |p Analytik  |0 s 
910 2 |a BOA001  |b 4-1206.999 
928 9 |a Centrum pro sociální a ekonomické strategie Fakulty sociálních věd Univerzity Karlovy 
990 |a BK 
995 |a 01 
991 |b 200811  |c NOV 
996 6 |b 2610358798  |c 4-1206.999  |l MZK  |r Sklad / do 1 hodiny  |n 3  |p p.v.  |w 000915846  |u 000010  |a 1  |e BOA001  |j MZK50  |s P 
996 7 |b 2610358799  |c 4-1206.999  |l MZK  |r Sklad / do 1 hodiny  |n 6  |p p.v.  |w 000915846  |u 000020  |a 1  |e BOA001  |j MZK50  |s A